000 00846nam a2200229 a 4500
001 000021901
003 DO-SdBPM
005 20241112111517.0
008 100914s19uu dr ac 001 0 spa d
040 _aDO-SdBPM
_bspa
_cBPMSU
082 4 _a972.9302
_bR696p
_222
100 1 _aRodríguez, Luis Arzeno,
_b1922-
245 1 0 _aPrimicias de América en Santo Domingo :
_bV Centenario del Descubrimiento 1492-1992 /
_cLuis Arzeno Rodríguez.
260 _aSanto Domingo :
_bDel Nordeste,
_c[199--?].
300 _a170 p. :
_bil., retrs. ;
_c21 cm.
504 _aBibliografía: p.169-170.
590 _aInventariado, 2024/VM
650 4 _aSanto domingo (República Dominicana)
_xHistoria local
651 0 _aRepública Dominicana
_xHistoria
_yDescubrimiento y conquista, 1492-1503
910 _aVMateo V. Control de calidad. BPMSU
942 _2ddc
_cBK
999 _c14862
_d14862